| 000 | 01200nam a2200241Ia 4500 | ||
|---|---|---|---|
| 999 |
_c35723 _d35723 |
||
| 001 | 1598 | ||
| 003 | GE_BSU | ||
| 005 | 20260323165033.0 | ||
| 008 | 181216s2001||||ge |||||s|||||||| ||geo|| | ||
| 020 | _a999282283X | ||
| 040 | _cGE_BSU | ||
| 041 | _ageo | ||
| 080 | _a355/353(075.8) მ-45 | ||
| 100 |
_aმდივნიშვილი, ოტია _927182 |
||
| 245 |
_aსაგანგებო სიტუაციები და სამოქალაქო თავდაცვა : _b[სახელმძღვ. თსუ-ს სტუდ.-თვის] / _cგ. ამირხანაშვილი, თ. დავითიძე, გ. ზავრაშვილი; [რედ.: გ. მთვარაძე]. |
||
| 264 |
_aთბილისი : _bმერიდიანი, _c2001. |
||
| 300 |
_a355 გვ.; _b19 სმ. |
||
| 653 | _aსაგანგებო სიტუაციები | ||
| 653 | _aსამოქალაქო თავდაცვა. | ||
| 700 |
_aტაველიშვილი,ოთარ _eავტორი _927183 |
||
| 700 |
_aმელქაძე, თეიმურაზ _eავტორი _927184 |
||
| 942 |
_cBK _2udc |
||